000 00222nam a2200097Ia 4500
001 758447
005 20250826164857.0
008 250824s9999 xx 000 0 und d
245 0 _aBÜYÜK ATLAS
260 _bKARATAY YAYINLARI
999 _c758447
_d758447